|
|
|
|
| LEADER |
00000nam0a2200000 4500 |
| 001 |
188980 |
| 005 |
20231101224156.0 |
| 035 |
|
|
|a (RuTPU)RU\TPU\book\205275
|
| 090 |
|
|
|a 188980
|
| 100 |
|
|
|a 20101216d2010 k y0rusy50 ca
|
| 101 |
0 |
|
|a rus
|
| 102 |
|
|
|a RU
|
| 105 |
|
|
|a a dm 001zy
|
| 200 |
1 |
|
|a Физико-химические свойства гуминовых кислот, модифицированных методом механоактивации каустобиолитов, и их взаимодействие с биоцидами
|e автореферат диссертации на соискание ученой степени кандидата химических наук
|e спец. 02.00.04
|f Е. В. Мальцева
|g Российская академия наук (РАН), Сибирское отделение (СО), Институт химии нефти (ИХН) ; науч. рук. Н. В. Юдина
|
| 210 |
|
|
|a Томск
|d 2010
|
| 215 |
|
|
|a 23 с.
|c ил.
|
| 300 |
|
|
|a Защита сост. 2.12.2010 г.
|
| 320 |
|
|
|a Библиогр.: с. 22-23 (15 назв.).
|
| 606 |
1 |
|
|a Гуминовые кислоты
|x (химия)
|2 stltpush
|3 (RuTPU)RU\TPU\subj\73613
|9 86522
|
| 610 |
1 |
|
|a состав
|
| 610 |
1 |
|
|a физико-химические свойства
|
| 610 |
1 |
|
|a каустобиолиты
|
| 610 |
1 |
|
|a исходные продукты
|
| 610 |
1 |
|
|a модифицированные материалы
|
| 610 |
1 |
|
|a биоциды
|
| 610 |
1 |
|
|a взаимодействие
|
| 610 |
1 |
|
|a авторефераты диссертаций
|
| 675 |
|
|
|a 547.99(04)
|v 3
|
| 686 |
|
|
|a 02.00.04
|2 oksvnk
|
| 700 |
|
1 |
|a Мальцева
|b Е. В.
|g Елизавета Владимировна
|
| 702 |
|
1 |
|a Юдина
|b Н. В.
|g Наталья Васильевна
|4 727
|
| 712 |
0 |
2 |
|a Российская академия наук (РАН)
|b Сибирское отделение (СО)
|b Институт химии нефти (ИХН)
|c (Томск)
|2 stltpush
|3 (RuTPU)RU\TPU\col\412
|
| 801 |
|
1 |
|a RU
|b 63413507
|c 20101216
|
| 801 |
|
2 |
|a RU
|b 63413507
|c 20190125
|g RCR
|
| 942 |
|
|
|c BK
|